[Event "Verbandsliga Suedbaden 2324"]
[Site "Baden"]
[Date "2024.03.17"]
[Round "8.6"]
[White "Khalil, Alaa El Din"]
[Black "Wendering, Leonard"]
[Result "0-1"]
[WhiteElo "2078"]
[BlackElo "1980"]
[PlyCount "56"]
[EventDate "2023.09.24"]
[EventType "team-tourn"]
[EventRounds "9"]
[EventCountry "GER"]
[SourceTitle "EXT 2025"]
[Source "ChessBase"]
[SourceDate "2024.10.14"]
[SourceVersion "1"]
[SourceVersionDate "2024.10.14"]
[SourceQuality "1"]
[WhiteTeam "Baden-Baden IV"]
[BlackTeam "Heitersheim"]
[WhiteTeamCountry "GER"]
[BlackTeamCountry "GER"]

1. d4 d5 2. Bf4 e6 3. e3 f5 4. Nf3 Nf6 5. Nbd2 c6 6. h3 Nbd7 7. Rg1 h6 8. g4 g5 9. Bh2 Qe7 10. Bd3 Ne4 11. Qe2 Bg7 12. 0-0-0 c5 13. c4 Nxd2 14. Rxd2 dxc4 15. Bxc4 fxg4 16. hxg4 Nb6 17. Bb5+ Bd7 18. Bxd7+ Nxd7 19. dxc5 e5 20. Kb1 0-0 21. Rc1 Rad8 22. Qc4+ Kh8 23. Ne1 Rc8 24. Nd3 Qf6 25. Qd5 Rfd8 26. Qd6 Qf3 27. Qe6 Nf8 28. Ne1 Qe4+ 0-1

[Event "Verbandsliga Suedbaden 1920"]
[Site "Baden"]
[Date "2019.11.10"]
[Round "2.6"]
[White "Wendering, Leonard"]
[Black "Leonov, Michael"]
[Result "1/2-1/2"]
[WhiteElo "1980"]
[BlackElo "1899"]
[PlyCount "105"]
[EventDate "2019.09.29"]
[EventType "team-tourn"]
[EventRounds "9"]
[EventCountry "GER"]
[SourceTitle "EXT 2021"]
[Source "ChessBase"]
[SourceDate "2020.10.23"]
[SourceVersion "1"]
[SourceVersionDate "2020.10.23"]
[SourceQuality "1"]
[WhiteTeam "Heitersheim"]
[BlackTeam "Baden-Baden V"]
[WhiteTeamCountry "GER"]
[BlackTeamCountry "GER"]

1. e4 c6 2. Nc3 d6 3. d4 Nd7 4. Be3 h6 5. Be2 Ngf6 6. Qd2 Qa5 7. f4 g6 8. Nf3 Bg7 9. h3 b5 10. e5 b4 11. exf6 bxc3 12. fxg7 cxd2+ 13. Bxd2 Qxd2+ 14. Nxd2 Rg8 15. Bf3 Bb7 16. Nc4 a5 17. 0-0 Rxg7 18. Rfe1 Kd8 19. Re3 f6 20. Ra3 a4 21. b3 d5 22. Nb2 axb3 23. Rxb3 Kc7 24. Bg4 f5 25. Be2 g5 26. Nd3 Ba6 27. fxg5 hxg5 28. a4 Bc4 29. Rb2 Ra5 30. Kf2 e6 31. Nc1 Bxe2 32. Kxe2 Rg8 33. Nb3 Ra6 34. a5 Kd6 35. Nc1 Rga8 36. Rba2 c5 37. dxc5+ Nxc5 38. Nd3 Nxd3 39. cxd3 Ke5 40. Ra4 Rb8 41. Kf3 Rb3 42. R1a3 Rb5 43. g3 Rb1 44. h4 g4+ 45. Ke3 Rb5 46. Ra1 Rb3 47. Rh1 Kf6 48. Rf1 Kg6 49. Kd4 Rb5 50. Ke5 Rb3 51. Kd4 Rb5 52. Ke5 Rb3 53. Kd4 1/2-1/2

[Event "GER-chT U20"]
[Site "Osnabrueck"]
[Date "2012.12.30"]
[Round "7.3"]
[White "Nitsche Hahn, Maxim"]
[Black "Wendering, Leonard"]
[Result "1/2-1/2"]
[WhiteElo "1821"]
[BlackElo "1910"]
[PlyCount "40"]
[EventDate "2012.12.27"]
[EventType "team-swiss"]
[EventRounds "7"]
[EventCountry "GER"]
[SourceTitle "EXT 2014"]
[Source "ChessBase"]
[SourceDate "2013.11.20"]
[SourceVersion "1"]
[SourceVersionDate "2013.11.20"]
[SourceQuality "1"]
[WhiteTeam "Vaterstetten"]
[BlackTeam "Heitersheim"]
[WhiteTeamCountry "GER"]
[BlackTeamCountry "GER"]

1. d4 Nf6 2. Nf3 g6 3. e3 c5 4. b3 cxd4 5. exd4 Bg7 6. Bb2 d5 7. Be2 0-0 8. 0-0 Nc6 9. Nbd2 Bf5 10. Ne5 Nxe5 11. dxe5 Nd7 12. Nf3 e6 13. Ba3 Re8 14. Bd6 Bf8 15. Bxf8 Rxf8 16. c4 dxc4 17. Bxc4 Nb6 18. Be2 Be4 19. Rc1 Bd5 20. Qd2 Qd7 1/2-1/2

[Event "GER-chT U20"]
[Site "Osnabrueck"]
[Date "2012.12.29"]
[Round "5.3"]
[White "Wendering, Leonard"]
[Black "Seifert, Michael"]
[Result "1/2-1/2"]
[WhiteElo "1910"]
[BlackElo "1723"]
[PlyCount "109"]
[EventDate "2012.12.27"]
[EventType "team-swiss"]
[EventRounds "7"]
[EventCountry "GER"]
[SourceTitle "EXT 2014"]
[Source "ChessBase"]
[SourceDate "2013.11.20"]
[SourceVersion "1"]
[SourceVersionDate "2013.11.20"]
[SourceQuality "1"]
[WhiteTeam "Heitersheim"]
[BlackTeam "Jena Schott"]
[WhiteTeamCountry "GER"]
[BlackTeamCountry "GER"]

1. e4 e6 2. d4 d5 3. Nc3 Nf6 4. e5 Nfd7 5. f4 c5 6. Nf3 Nc6 7. Ne2 Qb6 8. c3 Be7 9. g3 0-0 10. Bh3 cxd4 11. Nexd4 Nc5 12. Qe2 a6 13. Be3 Qc7 14. 0-0 Bd7 15. Rf2 Ne4 16. Rg2 b5 17. a3 Na5 18. f5 exf5 19. g4 f4 20. Bxf4 Qb6 21. Kh1 Nc4 22. Rf1 a5 23. Nf5 Bc5 24. b4 Nxc3 25. bxc5 Nxe2 26. cxb6 Nxf4 27. Rg3 Bxf5 28. gxf5 Nxh3 29. Rxh3 Ne3 30. Rb1 b4 31. Nd4 Nc4 32. axb4 Nxb6 33. bxa5 Nc4 34. Nc6 Rfe8 35. f6 Nxe5 36. Ne7+ Kh8 37. Nxd5 Rxa5 38. fxg7+ Kxg7 39. Rg1+ Ng6 40. Nf4 Ree5 41. Rhg3 Rf5 42. Ne2 Rf2 43. R3g2 Rxg2 44. Rxg2 Ra1+ 45. Rg1 Rxg1+ 46. Kxg1 f5 47. Kf2 Kf6 48. Kf3 Kg5 49. Nd4 Ne5+ 50. Kg3 f4+ 51. Kg2 Kg4 52. h3+ Kg5 53. Kf2 h6 54. Kg2 Kf6 55. Kf2 1/2-1/2

[Event "GER-chT U20"]
[Site "Osnabrueck"]
[Date "2012.12.28"]
[Round "3.3"]
[White "Mikeler, Marcel"]
[Black "Wendering, Leonard"]
[Result "0-1"]
[WhiteElo "1712"]
[BlackElo "1910"]
[PlyCount "98"]
[EventDate "2012.12.27"]
[EventType "team-swiss"]
[EventRounds "7"]
[EventCountry "GER"]
[SourceTitle "EXT 2014"]
[Source "ChessBase"]
[SourceDate "2013.11.20"]
[SourceVersion "1"]
[SourceVersionDate "2013.11.20"]
[SourceQuality "1"]
[WhiteTeam "Heilbronn"]
[BlackTeam "Heitersheim"]
[WhiteTeamCountry "GER"]
[BlackTeamCountry "GER"]

1. d4 Nf6 2. c4 c5 3. d5 b5 4. cxb5 a6 5. bxa6 Bxa6 6. Nc3 d6 7. Nf3 g6 8. g3 Bg7 9. Bg2 0-0 10. 0-0 Nbd7 11. Re1 Qa5 12. e4 Ng4 13. Bd2 Rfb8 14. Qc2 Nge5 15. Nxe5 Nxe5 16. Nd1 Qb6 17. Re3 c4 18. Rb1 Ng4 19. Rf3 Bd4 20. Bc3 Ne5 21. Rf4 g5 22. Rf5 f6 23. Bxd4 Qxd4 24. Kh1 Bc8 25. Ne3 Bxf5 26. Nxf5 Qa7 27. f4 Nd3 28. Bf1 Nf2+ 29. Kg2 Ng4 30. Qe2 Qxa2 31. Qxc4 Qxb1 32. Nxe7+ Kf8 33. Qc6 Qxb2+ 34. Kh3 Re8 35. Ng6+ hxg6 36. Qxd6+ Kf7 37. Bc4 Re7 38. fxg5 Rh8+ 39. Kxg4 f5+ 40. Kf3 fxe4+ 41. Kg4 Qe5 42. Qxe5 Rxe5 43. d6+ Ke8 44. h4 Kd7 45. Kf4 Kxd6 46. Be2 e3 47. h5 gxh5 48. g4 h4 49. g6 Rf8# 0-1

[Event "GER-chT U20"]
[Site "Osnabrueck"]
[Date "2012.12.28"]
[Round "4.3"]
[White "Reisberg, Andre"]
[Black "Wendering, Leonard"]
[Result "1-0"]
[WhiteElo "1951"]
[BlackElo "1910"]
[PlyCount "125"]
[EventDate "2012.12.27"]
[EventType "team-swiss"]
[EventRounds "7"]
[EventCountry "GER"]
[SourceTitle "EXT 2014"]
[Source "ChessBase"]
[SourceDate "2013.11.20"]
[SourceVersion "1"]
[SourceVersionDate "2013.11.20"]
[SourceQuality "1"]
[WhiteTeam "Brackel"]
[BlackTeam "Heitersheim"]
[WhiteTeamCountry "GER"]
[BlackTeamCountry "GER"]

1. d4 Nf6 2. c4 c5 3. d5 b5 4. cxb5 a6 5. f3 g6 6. e4 d6 7. Nc3 Bg7 8. Be3 0-0 9. Bd3 axb5 10. Bxb5 Ba6 11. Nge2 Qa5 12. Bxa6 Nxa6 13. 0-0 Rfb8 14. Rb1 Nd7 15. Bg5 Kf8 16. Qd2 Ne5 17. b3 Nb4 18. Na4 Nc4 19. bxc4 Qxa4 20. Nc3 Qa5 21. a4 Nxd5 22. Nxd5 Qxd2 23. Rxb8+ Rxb8 24. Bxd2 Bd4+ 25. Be3 e6 26. Bxd4 exd5 27. Bxc5 dxc5 28. cxd5 Ke7 29. a5 Rb2 30. Ra1 c4 31. Rc1 Ra2 32. Rxc4 Rxa5 33. Rc7+ Kf6 34. Kf2 Ra2+ 35. Kg3 h5 36. h4 Rd2 37. Kf4 Kg7 38. g4 hxg4 39. Kxg4 Rg2+ 40. Kf4 Rh2 41. Kg3 Rd2 42. Rd7 Kf6 43. Kf4 Rd4 44. Rd6+ Ke7 45. Ke5 Rd3 46. f4 Rh3 47. Ra6 Rxh4 48. Ra7+ Kf8 49. Ra6 Ke7 50. d6+ Kd7 51. Ra7+ Ke8 52. Re7+ Kf8 53. f5 gxf5 54. Kxf5 Rh1 55. e5 Re1 56. Ra7 Ke8 57. Ra8+ Kd7 58. Kf6 Rf1+ 59. Kg7 Rf5 60. Ra7+ Kd8 61. Re7 Rh5 62. Kxf7 Rh7+ 63. Ke6 1-0

[Event "GER-chT U14"]
[Site "Verden"]
[Date "2008.12.28"]
[Round "4.3"]
[White "Wendering, Leonard"]
[Black "Gomer, Thomas"]
[Result "1-0"]
[WhiteElo "1285"]
[BlackElo "1125"]
[PlyCount "135"]
[EventDate "2008.12.27"]
[EventType "team-swiss"]
[EventRounds "7"]
[EventCountry "GER"]
[SourceTitle "EXT 2010"]
[Source "ChessBase"]
[SourceDate "2010.11.25"]
[SourceVersion "1"]
[SourceVersionDate "2010.11.25"]
[SourceQuality "1"]
[WhiteTeam "Heitersheim"]
[BlackTeam "Balingen"]
[WhiteTeamCountry "GER"]
[BlackTeamCountry "GER"]

1. e4 e5 2. Nf3 Nc6 3. c3 Nf6 4. d3 d5 5. Qa4 Bd7 6. exd5 Nxd5 7. Qb3 Nb6 8. Be3 Be6 9. c4 Bb4+ 10. Nbd2 Bxd2+ 11. Nxd2 0-0 12. Be2 Re8 13. 0-0 Nd4 14. Bxd4 exd4 15. Qc2 Bf5 16. Bf3 c6 17. Rfe1 Nd7 18. Be4 Bxe4 19. Nxe4 Nf6 20. Ng3 Qa5 21. Ne4 Nxe4 22. Rxe4 Rxe4 23. dxe4 Re8 24. Qd3 c5 25. a3 f5 26. f3 a6 27. Rb1 fxe4 28. fxe4 b5 29. b4 Qb6 30. bxc5 Qxc5 31. cxb5 axb5 32. Rxb5 Qc1+ 33. Kf2 Rf8+ 34. Kg3 Qf4+ 35. Kh3 Qe3+ 36. Qxe3 dxe3 37. Rb3 e2 38. Re3 Ra8 39. Rxe2 Rxa3+ 40. Kg4 Kf7 41. Kf4 Ke6 42. g3 h6 43. Re3 g5+ 44. Kf3 Ra5 45. Kg4 Ke5 46. Kh5 Ra6 47. h3 Rb6 48. Kg4 Ra6 49. h4 gxh4 50. gxh4 Rg6+ 51. Kh5 Ra6 52. Rg3 Kxe4 53. Rg6 Ra5+ 54. Kxh6 Kf4 55. h5 Ra7 56. Rf6+ Kg4 57. Kg6 Ra8 58. h6 Rg8+ 59. Kh7 Rd8 60. Kg7 Kh5 61. h7 Kg5 62. Rf8 Rd7+ 63. Kg8 Rd6 64. h8Q Rg6+ 65. Qg7 Rxg7+ 66. Kxg7 Kh5 67. Rf1 Kg5 68. Kf7 1-0